略号からJRの路線を当てる 〜北海道/四国/九州〜 - Statistics

General Stats
  • This quiz has been taken 144 times
  • The average score is 21 of 30
Answer Stats
電報略号 路線名 % Correct
ソヤホセ 宗谷本線
100%
ハコホセ 函館本線
96%
ルモホセ 留萌本線
94%
ムロホセ 室蘭本線
93%
ヒタカホセ 日高本線
90%
カコホセ 鹿児島本線
88%
ネムホセ 根室本線
87%
ホヒホセ 豊肥本線
87%
フラセ 富良野線
87%
セモホセ 釧網本線
84%
ニホホセ 日豊本線
79%
セホホセ 石北本線
79%
カラセ 唐津線
74%
トサセ 土讃線
74%
サキホセ 長崎本線
73%
チセセ 千歳線
69%
ヒサセ 肥薩線
69%
ナルセ 鳴門線
67%
チホホセ 筑豊本線
66%
ムキセ 牟岐線
66%
サホセ 佐世保線
65%
ミスセ 三角線
63%
チヒセ 筑肥線
60%
キタホセ 久大本線
57%
オムセ 大村線
54%
ササセ 篠栗線
52%
キチセ 吉都線
44%
サセセ 札沼線
42%
ウコセ 内子線
39%
コシセ 後藤寺線
29%
No matching quizzes found
Score Distribution
Percent of People with Each Score
Percentile by Number Answered
Your Score History
You have not taken this quiz